00153nam a2200073Ia 4500008004100000041000800041245002100049260000900070250129s9999 xx 000 0 und d aeng aIndian Quarterly c2023